Memòria /
Descripción Física:
Volums : il·lustracions ; 30 cm
Materias:
Parc de la Serralada de Marina (Catalunya)
; Barcelona (Catalunya : Província). -- Diputació -- Revistes
; Parcs naturals -- Barcelona (Catalunya : Província) -- Revistes
Idioma:
Catalán
MARC
| LEADER | 00000nam a2200000Ia 4500 | ||
|---|---|---|---|
| 001 | 21386, 22499, 22879, 23338, 23636, 28512 | ||
| 003 | Arxiu | ||
| 005 | 20260324181511.0 | ||
| 008 | 160829c2007 spca xx s cat c | ||
| 017 | |a B 54309-2008 | ||
| 017 | |a B 46796-2009 | ||
| 017 | |a B 29968-2010 | ||
| 017 | |a B 22418-2014 | ||
| 040 | |a AGDB |b cat | ||
| 110 | 1 | |a Parc de la Serralada de Marina (Catalunya) |9 10205 | |
| 245 | |a Memòria / |c Parc de la Serralada de Marina | ||
| 260 | |a Barcelona : |b Diputació de Barcelona. Xarxa de Parcs Naturals ; |c 2007- | ||
| 300 | |a Volums : |b il·lustracions ; |c 30 cm | ||
| 310 | |a Anual | ||
| 610 | 1 | 0 | |9 10205 |a Parc de la Serralada de Marina (Catalunya) |
| 610 | 1 | 0 | |9 54166 |a Barcelona (Catalunya : Província). |b Diputació |v Revistes |
| 650 | 0 | |a Parcs naturals |9 53491 |z Barcelona (Catalunya : Província) |v Revistes | |
| 710 | 1 | |a Barcelona (Catalunya : Província). |b Xarxa de Parcs Naturals |9 7250 | |
| 710 | 1 | |a Barcelona (Catalunya : Província). |b Gerència de Serveis d’Espais Naturals |9 52730 | |
| 710 | 1 | |a Barcelona (Catalunya : Província). |b Àrea de Territori i Sostenibilitat |9 52770 | |
| 856 | |u https://www.diba.cat/web/espais-naturals/marina/memories |y Accés lliure (Portal de l'Àrea d'Espais Naturals) | ||
| 866 | |a 2007-2010 | ||
| 866 | |a 2012-2013 | ||
| 901 | |a Arxiu | ||
| 942 | |n 1 |2 udc |c ARXIU | ||
| 952 | |0 0 |1 0 |2 udc |4 0 |6 C3192 |7 1 |9 55097 |a Arxiu |b Arxiu |d 2016-12-01 |h 2007 |o C-3-192 |p 21386 |r 2016-12-01 00:00:00 |w 2016-12-01 |y ARXIU | ||
| 952 | |0 0 |1 0 |4 0 |7 1 |9 55807 |a Arxiu |b Arxiu |d 2016-12-01 |h 2012 |o Bib-76 |p 23850 |r 2016-12-01 00:00:00 |w 2016-12-01 |y ARXIU | ||
| 952 | |0 0 |1 0 |4 0 |6 C3377 |7 1 |9 65553 |a Arxiu |b Arxiu |d 2023-03-08 |h 2010 |l 0 |o C-3-377 |p 23338 |r 2023-03-08 00:00:00 |w 2023-03-08 |y ARXIU | ||
| 952 | |0 0 |1 0 |4 0 |6 C3277 |7 1 |9 96995 |a Arxiu |b Arxiu |d 2024-04-29 |h 2008 |l 0 |o C-3-277 |p 22499 |r 2024-04-29 00:00:00 |w 2024-04-29 |y ARXIU | ||
| 952 | |0 0 |1 0 |2 udc |4 0 |6 C3326 |7 1 |9 96996 |a Arxiu |b Arxiu |d 2024-04-29 |h 2009 |l 0 |o C-3-326 |p 22879 |r 2024-04-29 00:00:00 |w 2024-04-29 |y ARXIU | ||
| 952 | |0 0 |1 0 |4 0 |6 BIB1177 |7 1 |9 96997 |a Arxiu |b Arxiu |d 2024-04-29 |h 2013 |l 0 |o Bib-1177 |p 28512 |r 2024-04-29 00:00:00 |w 2024-04-29 |y ARXIU | ||
| 999 | |c 58969 |d 58969 | ||